| 000 | 01911cam a22004214i 4500 | ||
|---|---|---|---|
| 003 | PE-LiUPU | ||
| 005 | 20250731183428.0 | ||
| 008 | 150706s r 000 0 d | ||
| 020 | _a8446025523 | ||
| 020 | _a9788446025528 | ||
| 035 | _a(Sirsi) i9788446025528 | ||
| 040 |
_aPE-LiUPU _bspa _cPE-LiUPU _erda |
||
| 049 | _aPRUA | ||
| 082 | 0 | 4 |
_a720.922 _bD19 _221 |
| 245 | 0 | 1 |
_aTras el rastro de Eisenman / _ccon textos de Stan Allen, Cynthia Davidson, Greg Lynn, Sara Whiting y Guido Zuliani; edición a caro de Cynthia Davidson. |
| 264 | 1 |
_aMadrid : _bEisenman Architects, _c2006. |
|
| 300 |
_a400 páginas : _bilustraciones ; _c28cm. |
||
| 336 |
_atext _2rdacontent |
||
| 337 |
_aunmediated _2rdamedia |
||
| 338 |
_avolume _2rdacarrier |
||
| 504 | _aIncluye bibliografía. | ||
| 505 | 0 | _aLa ausencia de presencia, o el vacío. Cynthia Davidson -- Elementos de un rastro. Stan Allen -- La proporción eufórica. Sarah Whiting -- El talento de Mr. Trazador. Greg Lynn -- Evidencias de cosas nunca vistas. Guido Zuliani -- Proyectos completos. Peter Eisenman, Eisenman Robertson, Eisenman Architects. | |
| 526 | _aP158 | ||
| 526 | _aP146 | ||
| 526 | _aP17 | ||
| 526 | _aP12 | ||
| 526 | _aP06 | ||
| 541 | _g001-0033603; | ||
| 600 | 1 |
_aEisenman, Peter. _d 1932- |
|
| 650 | 0 | 4 |
_aArquitectura. _94555 |
| 700 | 1 |
_aDavidson, Cynthia, _eed. |
|
| 910 | _agl20111005 | ||
| 942 |
_2ddc _cBOOK |
||
| 949 |
_a720.922 D19 _wDEWEY _c1 _i63744 _lCCODEBUL1 _mBUL _p149.00 _r0 _sY _tBOOK _u2015-7-6 _xINGENIERIA _PP06 _o.STAFF. Colección General |
||
| 994 |
_aC0 _bPEPRU |
||
| 596 | _a1 | ||
| 999 |
_a720.922 D19 _wDEWEY _c52640 _i63744 _d52640 _e2017-3-12 _f2021-11-9 _g7 _lCCODEBUL1 _mBUL _n8 _p149.00 _q3 _r0 _sY _tBOOK _u2015-7-6 _xINGENIERIA _PP06 _0COMPRA _o.CIRCNOTE. El documento es muy costoso. _o.STAFF. Colección General |
||
| 980 |
_81 _gALBERTO SANCHEZ Responsable de Automatización |
||